000 00556nam a2200205 a 4500
999 _c460
_d460
008 190805r20102014ii a|||gd|||| 0|| ||eng|
020 _a9788125937142
_cRs. 595.00
040 _aKO
_beng
041 0 _aeng
044 _aii
082 0 4 _a658.15
_bP1923
_223
100 1 _aPandey, I. M.
245 1 0 _aFinancial Management /
_c I. M. Pandey
250 _a10th ed.
260 _aNew Delhi :
_bVikash Publishing House,
_c2015
300 _axxiv, 879 p. :
_bill. ;
_c28 cm +
_e1 CD-ROM
650 0 _aFinance, Personal
_vTextbooks
942 _cBK